Xtreme soprts : (Record no. 4739)
[ view plain ]
| 000 -LEADER | |
|---|---|
| fixed length control field | 01417nam a22002657a 4500 |
| 001 - CONTROL NUMBER | |
| control field | 4739 |
| 003 - CONTROL NUMBER IDENTIFIER | |
| control field | FISKH |
| 005 - DATE AND TIME OF LATEST TRANSACTION | |
| control field | 20240927154712.0 |
| 008 - FIXED-LENGTH DATA ELEMENTS--GENERAL INFORMATION | |
| fixed length control field | 240926b cb ||||| |||| 00| 0 eng d |
| 020 ## - INTERNATIONAL STANDARD BOOK NUMBER | |
| International Standard Book Number | 9780439468541 |
| 040 ## - CATALOGING SOURCE | |
| Original cataloging agency | FISKH |
| Language of cataloging | eng |
| Transcribing agency | FISKH |
| Modifying agency | FISKH |
| 100 ## - MAIN ENTRY--PERSONAL NAME | |
| Personal name | Maxwell, E.J. |
| Relator term | author |
| 245 ## - TITLE STATEMENT | |
| Title | Xtreme soprts : |
| Remainder of title | Cutting Edge / |
| Statement of responsibility, etc. | by E.j. Maxwell |
| 250 ## - EDITION STATEMENT | |
| Edition statement | First printing, January 2003 |
| 260 ## - PUBLICATION, DISTRIBUTION, ETC. | |
| Place of publication, distribution, etc. | New York : |
| Name of publisher, distributor, etc. | Scholastic ; |
| Date of publication, distribution, etc. | 2003 . |
| 300 ## - PHYSICAL DESCRIPTION | |
| Extent | 95 pages : |
| Other physical details | illustrations ; |
| Dimensions | 20 cm . |
| 505 ## - FORMATTED CONTENTS NOTE | |
| Formatted contents note | Z <br/> |
| 520 ## - SUMMARY, ETC. | |
| Summary, etc. | Extreme sports athletes have gone mainstream, and are widely recognized through exposure on ESPN's X-Games, the Gravity Games, and the Warp Tour. This book is about the new crop of extreme sports stars from Apolo Ohno to superstar skateboarder Shaun White to phenom climbing star Tori Allen. Each chapter focuses on a different sport and star, and is full of photos, bio info, trivia, anecodotes, quotes, and stats. The complete list of athletes in this book is as follows: climber Tori Allen, surfer Layne Beachley, snowboarder Tara Dakides, motocrosser Mike Metzger, BMXer Dave Mirra, speed skater Apolo Anton Ohno, snowboarder Ross Powers, and skateboarder Shaun White. |
| 521 8# - TARGET AUDIENCE NOTE | |
| Target audience note | 1020 <br/> |
| Source | Lexile <br/> |
| 521 8# - TARGET AUDIENCE NOTE | |
| Target audience note | Z <br/><br/><br/> |
| Source | Raz-Plus <br/> |
| 650 ## - SUBJECT ADDED ENTRY--TOPICAL TERM | |
| Topical term or geographic name entry element | X-Games |
| Form subdivision | non-fiction |
| 700 ## - ADDED ENTRY--PERSONAL NAME | |
| Personal name | Malone, Michael |
| Relator term | Book designer |
| 942 ## - ADDED ENTRY ELEMENTS (KOHA) | |
| Source of classification or shelving scheme | Dewey Decimal Classification |
| Koha item type | Books |
| Suppress in OPAC | No |
| Withdrawn status | Lost status | Source of classification or shelving scheme | Damaged status | Not for loan | Collection | Home library | Current library | Shelving location | Date acquired | Total Checkouts | Full call number | Barcode | Date last seen | Copy number | Price effective from | Koha item type |
|---|---|---|---|---|---|---|---|---|---|---|---|---|---|---|---|---|
| Dewey Decimal Classification | Non-Fiction | Footprints International School Library Network Toul Kork Campus | Footprints International School Library Network Toul Kork Campus | TTP Secondary Non-Fiction Bookshelves | 09/26/2024 | MAX 796.046 GV749.M29 | FIS00484 | 09/26/2024 | 1 | 09/26/2024 | Books | |||||
| Dewey Decimal Classification | Non-Fiction | Footprints International School Library Network Toul Kork Campus | Footprints International School Library Network Toul Kork Campus | TTP Secondary Non-Fiction Bookshelves | 09/26/2024 | MAX 796.046 GV749.M29 | FIS00485 | 09/27/2024 | 2 | 09/26/2024 | Books | |||||
| Dewey Decimal Classification | Non-Fiction | Footprints International School Library Network Toul Kork Campus | Footprints International School Library Network Toul Kork Campus | TTP Secondary Non-Fiction Bookshelves | 09/26/2024 | MAX 796.046 GV749.M29 | FISSE00483 | 10/22/2024 | 3 | 09/26/2024 | Books |
